Ir para o conteúdo

Инструменты формирования стратегии развития муниципальных образований Монография

Монография посвящена исследованию проблем формирования стратегии развития муниципального образования в части построения системы инструментов позволяющих не только выполнить аналитическую работу но и на базе результатов анализа построить комплекс стратегически значимых мероприятий определяющих перспе...

ver descrição completa

Na minha lista:
Detalhes bibliográficos
Autor principal: Лапыгин Д.Ю
Formato: Монография
Edição:1
Acesso em linha:https://znanium.com/catalog/document?id=107600
https://znanium.com/cover/0567/567391.jpg
Tags: Adicionar Tag
Sem tags, seja o primeiro a adicionar uma tag!
LEADER 02690nam0a2200337 i 4500
001 RU\infra-m\znanium\bibl\567391
003 https://znanium.com/catalog/document?id=107600
005 20190327000000.0
010 |a 978-5-16-105127-6  |b электр. издание 
100 |a 20190327d2016 m y0rusy0150 ca 
101 0 |a rus 
102 |a RU 
200 1 |a Инструменты формирования стратегии развития муниципальных образований  |e Монография  |f Российская академия народного хозяйства и государственной службы при Президенте РФ 
205 |a 1 
210 1 |a Москва  |c ООО "Научно-издательский центр ИНФРА-М"  |d 2016 
215 |a 170 с. 
330 |a Монография посвящена исследованию проблем формирования стратегии развития муниципального образования в части построения системы инструментов позволяющих не только выполнить аналитическую работу но и на базе результатов анализа построить комплекс стратегически значимых мероприятий определяющих перспективу. Для магистрантов и преподавателей вузов аспирантов а также руководителей исполнительной и законодательной власти муниципальных образований. 
333 |a ВО - Магистратура 
606 |a Экономика. Бухгалтерский учет. Финансы  |x Институциональная экономика  |2 local 
608 |a Монография  |2 local 
675 |a 35  |z rus 
686 |a 6523  |2 rubbk 
686 |a 38.00.00  |2 okso 
686 |a 38.03.01  |2 okso 
686 |a 44.03.01  |2 okso 
686 |a 46.03.02  |2 okso 
686 |a 51.03.02  |2 okso 
700 1 |a Лапыгин  |b Д.Ю.  |g Денис Юрьевич  |p Российская академия народного хозяйства и государственной службы при Президенте РФ 
801 0 |a RU  |b Общество с ограниченной ответственностью «ЗНАНИУМ»  |c 20160602  |2 rusmarc 
856 4 |a znanium.com  |m ebs_support@infra-m.ru  |n НИЦ ИНФРА-М  |u https://znanium.com/catalog/document?id=107600 
856 4 1 |a znanium.com  |d /cover/0567  |f 567391.jpg  |q image/jpeg  |u https://znanium.com/cover/0567/567391.jpg